Wird geladen...
Divani /
| 1. Verfasser: | |
|---|---|
| Sprache: | Undetermined |
| Veröffentlicht: |
1974.
|
| LEADER | 00367nam a2200121Ia 4500 | ||
|---|---|---|---|
| 001 | 59663 | ||
| 008 | 170722s9999 xx 000 0 und d | ||
| 100 | |a Chandrasekharan Nair, N. | ||
| 245 | |a Divani / | ||
| 260 | |c 1974. | ||
| 942 | |c GEN | ||
| 999 | |c 88014 |d 88014 | ||
| 952 | |0 0 |1 0 |4 0 |6 O_322NCH4D_K3_KR |7 0 |9 123141 |a LIB |b LIB |d 2017-08-12 |o O32,2NCH4,D K3 (KR) |p 158234 |r 2017-08-12 |w 2017-08-12 |y GEN | ||